LEADER 01467nam a2200301 4500 001 000000338872 003 CaOOAMICUS 005 20200127144102.0 008 200116s2015 it 000 u ita r 020 $a978-88-7578-526-0 040 $aSeMil$bita 100 1 $aHofstadter, Douglas R.,$d<1945- >.$0(OLS)http://semarc/name/51600 240 10$aSurfaces and essences.$0(OLS)http://semarc/title/427664 245 10$aSuperfici ed essenze :$bl'analogia come cuore pulsante del pensiero /$cDouglas Hofstadter ed Emmanuel Sander ; traduzione di Francesco Bianchini e Maurizio Codogno. 264 1$aTorino :$bCodice,$c2015. 300 $aXIX, 623 p. ;$c24 cm 650 4$aAnalogia - Filosofia.$0(OLS)http://semarc/subject/3252 650 4$aEpistemologia filosofica.$0(OLS)http://semarc/subject/1833 700 1 $aSander, Emmanuel.$0(OLS)http://semarc/name/110746 700 1 $aBianchini, Francesco,$d<1976- >.$0(OLS)http://semarc/name/110751 700 1 $aCodogno, Maurizio.$0(OLS)http://semarc/name/110752 850 $aSeMil 852 $aSeMil$W1$xVenegono$y1$m2P V 643$j218460$B229960$CSeMilBibl$Z2$F229960 $81 961 $aBrambilla don Paolo - Omaggio 996 $6020$a978-88-7578-526-0$9(OLS)http://semarc/number/289618 996 $6245$aSuperfici ed essenze :$bl'analogia come cuore pulsante del pensiero$9(OLS)http://semarc/title/427665 996 $6264$aTorino :$bCodice$9(OLS)http://semarc/publisher/46291 LEADER 01438nam a2200313 i 4500 001 000000126673 003 CaOOAMICUS 005 20040525000000.0 008 040525s2004 it u000 u ita u 013 $a99381 020 $a88-215-5062-1 040 $aSeMil$bita 100 1 $aZolli, Eugenio <1881-1956>.$0(OLS)http://semarc/name/20681 245 10$aPrima dell'alba /$cEugenio Zolli ; a cura di Alberto Latorre. 246 04$iTitolo in copertina:$aPrima dell'alba : Autobiografia autorizzata 260 $aCinisello Balsamo :$bSan Paolo,$c2004. 300 $a284 p. ;$c22 cm. 490 0 $aAttualitą e storia ;$v42 500 $aL'autobiografia del Rabbino Capo di Roma (1939-1945) che chiese il battesimo dopo la Liberazione. 650 4$aZolli, Eugenio .$0(OLS)http://semarc/subject/21010 700 1 $aLatorre, Alberto.$0(OLS)http://semarc/name/48071 830 0$aAttualitą e storia ;$v42.$0(OLS)http://semarc/title/5888 850 $aSeMil 852 $aSeMil$W1$xVenegono$y1$m3J III 28$j81031$B81031$CSeMilBibl$Z2$F83428 $81 961 $aAcquisto: Cittą Nuova (Agente) 996 $6020$a88-215-5062-1$9(OLS)http://semarc/number/112899 996 $6245$aPrima dell'alba$9(OLS)http://semarc/title/186823 996 $6246$aPrima dell'alba : Autobiografia autorizzata$9(OLS)http://semarc/title/186824 996 $6260$aCinisello Balsamo :$bSan Paolo$9(OLS)http://semarc/publisher/30129